[Event "HUN-chT2 Toth 1011"]
[Site "Hungary"]
[Date "2011.04.10"]
[Round "8.9"]
[White "Kozak, Otto"]
[Black "Botta, Judit"]
[Result "1/2-1/2"]
[WhiteElo "1803"]
[BlackElo "1955"]
[PlyCount "65"]
[EventDate "2010.09.12"]
[EventType "team-tourn"]
[EventRounds "11"]
[EventCountry "HUN"]
[SourceTitle "EXT 2012"]
[Source "ChessBase"]
[SourceDate "2011.11.24"]
[SourceVersion "1"]
[SourceVersionDate "2011.11.24"]
[SourceQuality "1"]
[WhiteTeam "Karcag"]
[BlackTeam "Takisz"]
[WhiteTeamCountry "HUN"]
[BlackTeamCountry "HUN"]

1. e4 e6 2. d4 d5 3. e5 c5 4. c3 Nc6 5. Nf3 Qb6 6. a3 cxd4 7. cxd4 Bd7 8. Nc3 a6 9. Na4 Qc7 10. Be3 b5 11. Nc5 Nge7 12. Bd3 Ng6 13. Rc1 Bxc5 14. Rxc5 Qb6 15. Bxg6 hxg6 16. 0-0 0-0 17. Qd2 Na5 18. Rc3 Rac8 19. Rfc1 Nc4 20. Qe2 f6 21. exf6 gxf6 22. Qd3 Kf7 23. b4 Rh8 24. Bf4 Nb2 25. Qd2 Nc4 26. Qd3 Nb2 27. Qd2 Nc4 28. Qd1 Nb2 29. Qe2 Nc4 30. g3 Rcg8 31. Be3 g5 32. Nd2 Qd6 33. Nf1 1/2-1/2

[Event "HUN-chT2 Toth 0910"]
[Site "Hungary"]
[Date "2010.02.28"]
[Round "7.8"]
[White "Botta, Tibor"]
[Black "Kozak, Otto"]
[Result "1/2-1/2"]
[WhiteElo "1997"]
[BlackElo "1821"]
[PlyCount "61"]
[EventDate "2009.11.08"]
[EventType "team-tourn"]
[EventRounds "11"]
[EventCountry "HUN"]
[SourceTitle "EXT 2011"]
[Source "ChessBase"]
[SourceDate "2010.11.26"]
[SourceVersion "1"]
[SourceVersionDate "2010.11.26"]
[SourceQuality "1"]
[WhiteTeam "Takisz"]
[BlackTeam "Karcag"]
[WhiteTeamCountry "HUN"]
[BlackTeamCountry "HUN"]

1. e4 c5 2. Nf3 e6 3. c3 a6 4. d4 cxd4 5. cxd4 d6 6. Bd3 g6 7. 0-0 Bg7 8. Nc3 Nc6 9. Be3 Nge7 10. Rb1 0-0 11. a3 d5 12. exd5 Nxd5 13. Bc4 Nxe3 14. fxe3 b5 15. Ba2 Ne7 16. Ne4 Nd5 17. Qd3 Bb7 18. Nc5 Rb8 19. Nxb7 Rxb7 20. Rbc1 Rc7 21. g3 Qd6 22. Rxc7 Nxc7 23. Rc1 Nd5 24. Rc5 Bh6 25. Bxd5 exd5 26. e4 dxe4 27. Qxe4 Rd8 28. Rc6 Qd5 29. Qxd5 Rxd5 30. Kf2 Bg7 31. Ke3 1/2-1/2

[Event "HUN-chT2 Toth 0910"]
[Site "Hungary"]
[Date "2010.02.14"]
[Round "6.10"]
[White "Kozak, Otto"]
[Black "Strifler, Janos"]
[Result "0-1"]
[WhiteElo "1821"]
[BlackElo "1802"]
[PlyCount "97"]
[EventDate "2009.11.08"]
[EventType "team-tourn"]
[EventRounds "11"]
[EventCountry "HUN"]
[SourceTitle "EXT 2011"]
[Source "ChessBase"]
[SourceDate "2010.11.26"]
[SourceVersion "1"]
[SourceVersionDate "2010.11.26"]
[SourceQuality "1"]
[WhiteTeam "Karcag"]
[BlackTeam "Mezobereny"]
[WhiteTeamCountry "HUN"]
[BlackTeamCountry "HUN"]

1. e4 d5 2. exd5 Qxd5 3. Nc3 Qd8 4. d4 c6 5. Nf3 Bg4 6. Be2 Nf6 7. Be3 h6 8. h3 Bf5 9. Bd3 Bxd3 10. Qxd3 e6 11. a3 Be7 12. b4 Nd5 13. Nxd5 cxd5 14. Rc1 Nd7 15. 0-0 0-0 16. c4 dxc4 17. Rxc4 Nb6 18. Rc2 Bd6 19. Rd1 Qd7 20. Ne5 Bxe5 21. dxe5 Qxd3 22. Rxd3 Nd5 23. Bc5 Rfc8 24. Rdd2 a6 25. Bd6 h5 26. h4 g6 27. g3 Kg7 28. Kf1 Nb6 29. Bc5 Nd5 30. Bd4 Kf8 31. Ke2 Ke8 32. Kd3 Kd7 33. Rxc8 Rxc8 34. Rc2 Rxc2 35. Kxc2 Kc6 36. Kb3 b5 37. a4 Ne7 38. axb5+ axb5 39. Bc5 Nf5 40. Ba7 Kd5 41. Bb8 Ne7 42. Kc3 Nc6 43. Bc7 Nxe5 44. Bxe5 Kxe5 45. Kd3 Kd5 46. f3 e5 47. g4 f5 48. gxh5 gxh5 49. Kc3 0-1

[Event "HUN-chT2 Toth 0910"]
[Site "Hungary"]
[Date "2010.01.31"]
[Round "5.9"]
[White "Kozak, Otto"]
[Black "Balogh, David"]
[Result "0-1"]
[WhiteElo "1821"]
[BlackElo "1973"]
[PlyCount "93"]
[EventDate "2009.11.08"]
[EventType "team-tourn"]
[EventRounds "11"]
[EventCountry "HUN"]
[SourceTitle "EXT 2011"]
[Source "ChessBase"]
[SourceDate "2010.11.26"]
[SourceVersion "1"]
[SourceVersionDate "2010.11.26"]
[SourceQuality "1"]
[WhiteTeam "Karcag"]
[BlackTeam "Kisujszallas"]
[WhiteTeamCountry "HUN"]
[BlackTeamCountry "HUN"]

1. e4 e6 2. d4 d5 3. e5 c5 4. c3 Nc6 5. Nf3 Qb6 6. a3 cxd4 7. cxd4 f6 8. b4 fxe5 9. dxe5 Nh6 10. Be3 Qc7 11. Bb5 Bd7 12. Bxc6 bxc6 13. 0-0 Nf7 14. Bf4 Be7 15. Nbd2 0-0 16. Nb3 Nd8 17. Bg3 Nb7 18. Rc1 Qd8 19. Nfd4 Qb6 20. Rc3 c5 21. bxc5 Nxc5 22. Nxc5 Bxc5 23. Nf3 Bb5 24. Rb3 Qa6 25. Re1 Ba4 26. Qd3 Qxd3 27. Rxd3 h6 28. Rc1 Bb6 29. Nd4 Bd7 30. h3 Rac8 31. Rxc8 Rxc8 32. Nf3 Rc1+ 33. Kh2 Rc2 34. Bh4 Kf7 35. Nd2 Bb5 36. Rf3+ Ke8 37. Nb1 Bd4 38. Rb3 Bxe5+ 39. Bg3 Bxg3+ 40. Kxg3 a6 41. Re3 Ke7 42. Nc3 d4 43. Nd5+ Kd6 44. Nb4 Rc7 45. Rb3 Be2 46. f3 e5 47. Nd3 0-1

[Event "HUN-chT2 Toth 0809"]
[Site "Hungary"]
[Date "2009.02.22"]
[Round "8.7"]
[White "Kozak, Otto"]
[Black "Nagy, Jozsef"]
[Result "0-1"]
[WhiteElo "1822"]
[BlackElo "1943"]
[PlyCount "116"]
[EventDate "2008.10.26"]
[EventType "team-tourn"]
[EventRounds "11"]
[EventCountry "HUN"]
[SourceTitle "EXT 2010"]
[Source "ChessBase"]
[SourceDate "2010.11.25"]
[SourceVersion "1"]
[SourceVersionDate "2010.11.25"]
[SourceQuality "1"]
[WhiteTeam "Karcag"]
[BlackTeam "Szentes"]
[WhiteTeamCountry "HUN"]
[BlackTeamCountry "HUN"]

1. e4 c6 2. d4 d5 3. e5 Bf5 4. Bd3 Bxd3 5. Qxd3 e6 6. Nf3 Nd7 7. 0-0 c5 8. c3 cxd4 9. cxd4 Qb6 10. Nbd2 Ne7 11. Nh4 Nc6 12. Nb3 Rc8 13. Be3 Nb4 14. Qd1 Be7 15. Nf3 0-0 16. Ne1 f5 17. f4 Qd8 18. a3 Nc6 19. Nf3 Nb6 20. Nbd2 h6 21. Rc1 Na5 22. Rxc8 Qxc8 23. b4 Nac4 24. Nxc4 dxc4 25. Qc2 Nd5 26. Kf2 b5 27. g3 Qa6 28. Bc1 Rc8 29. Rg1 g6 30. g4 Kh7 31. h4 h5 32. gxh5 gxh5 33. Ng5+ Bxg5 34. Rxg5 Rg8 35. Rxh5+ Kg7 36. Qe2 Nc3 37. Qf3 Ne4+ 38. Kf1 Qa4 39. d5 Kf8 40. Rg5 Nxg5 41. fxg5 Qb3 42. Be3 Qb1+ 43. Kf2 Qb2+ 44. Kg1 Qxe5 45. Bc5+ Kf7 46. Qh5+ Rg6 47. Qh7+ Qg7 48. Qxg7+ Rxg7 49. d6 Kg6 50. Kg2 Kh5 51. Kf3 e5 52. Kg3 c3 53. Kf3 c2 54. Be3 Rd7 55. Ke2 Rxd6 56. Bc1 e4 57. Ke3 Rd1 58. Bd2 c1Q 0-1

[Event "HUN-chT2 Toth 0809"]
[Site "Hungary"]
[Date "2008.10.26"]
[Round "1.8"]
[White "Erdos, Boglarka"]
[Black "Kozak, Otto"]
[Result "1-0"]
[WhiteElo "2071"]
[BlackElo "1773"]
[PlyCount "67"]
[EventDate "2008.10.26"]
[EventType "team-tourn"]
[EventRounds "11"]
[EventCountry "HUN"]
[SourceTitle "EXT 2010"]
[Source "ChessBase"]
[SourceDate "2010.11.25"]
[SourceVersion "1"]
[SourceVersionDate "2010.11.25"]
[SourceQuality "1"]
[WhiteTeam "Mako II"]
[BlackTeam "Karcag"]
[WhiteTeamCountry "HUN"]
[BlackTeamCountry "HUN"]

1. e4 c5 2. Ne2 Nc6 3. g3 d6 4. Bg2 Nf6 5. 0-0 g6 6. Nbc3 Bg7 7. d3 0-0 8. f4 e6 9. h3 a6 10. Be3 Nd7 11. g4 Nd4 12. Bf2 Rb8 13. a4 b6 14. Nxd4 Bxd4 15. Bxd4 cxd4 16. Ne2 e5 17. c3 dxc3 18. bxc3 Bb7 19. d4 Qc7 20. Qb3 Kg7 21. Rf2 Rbc8 22. g5 Qc4 23. Qa3 Qc7 24. Raf1 f6 25. gxf6+ Nxf6 26. fxe5 dxe5 27. Ng3 a5 28. Kh1 Ba6 29. Rd1 Ng8 30. Rxf8 Rxf8 31. d5 Rc8 32. Qc1 Qd7 33. Qg5 Qe7 34. Nf5+ 1-0

[Event "HUN-chT2 Toth 0708"]
[Site "Hungary"]
[Date "2008.03.02"]
[Round "7"]
[White "Botta, Tibor"]
[Black "Kozak, Otto"]
[Result "1/2-1/2"]
[WhiteElo "2031"]
[BlackElo "1773"]
[PlyCount "41"]
[EventDate "2007.10.14"]
[EventType "team"]
[EventRounds "11"]
[EventCountry "HUN"]
[SourceTitle "EXT 2009"]
[Source "ChessBase"]
[SourceDate "2008.11.26"]
[SourceVersion "1"]
[SourceVersionDate "2008.11.26"]
[SourceQuality "1"]
[WhiteTeam "Takisz"]
[BlackTeam "Karcag"]
[WhiteTeamCountry "HUN"]
[BlackTeamCountry "HUN"]

1. e4 c5 2. Nf3 d6 3. d4 cxd4 4. Nxd4 Nf6 5. Bd3 g6 6. c3 Nc6 7. 0-0 Bg7 8. Be3 0-0 9. Nd2 Ng4 10. Nc2 Nxe3 11. Nxe3 a6 12. Kh1 b5 13. Rb1 Bb7 14. Qe2 e6 15. f4 d5 16. Nc2 dxe4 17. Bxe4 Qc7 18. Nb3 Nd8 19. Rbd1 Bxe4 20. Qxe4 Nb7 21. Rd3 1/2-1/2

[Event "HUN-chT2 Toth 0708"]
[Site "Hungary"]
[Date "2008.02.17"]
[Round "6"]
[White "Kozak, Otto"]
[Black "Burai, Lajos"]
[Result "1-0"]
[WhiteElo "1773"]
[BlackElo "1934"]
[PlyCount "35"]
[EventDate "2007.10.14"]
[EventType "team"]
[EventRounds "11"]
[EventCountry "HUN"]
[SourceTitle "EXT 2009"]
[Source "ChessBase"]
[SourceDate "2008.11.26"]
[SourceVersion "1"]
[SourceVersionDate "2008.11.26"]
[SourceQuality "1"]
[WhiteTeam "Karcag"]
[BlackTeam "Mezobereny"]
[WhiteTeamCountry "HUN"]
[BlackTeamCountry "HUN"]

1. e4 e5 2. Nf3 Nc6 3. Bb5 Nf6 4. 0-0 Bc5 5. d3 a6 6. Ba4 d6 7. h3 0-0 8. c3 Be6 9. Ng5 h6 10. Nxe6 fxe6 11. Be3 Bxe3 12. fxe3 d5 13. exd5 exd5 14. Nd2 b5 15. Bb3 Ne7 16. e4 a5 17. exd5 Nexd5 18. Qe2 1-0